| 000 | 00975nam a2200301 a 4500 | ||
|---|---|---|---|
| 001 | 4740 | ||
| 003 | BD-RjUL | ||
| 005 | 20211208233940.0 | ||
| 008 | 131223s1999 ii a b 001 0 eng | ||
| 020 | _a817100797X | ||
| 035 | _a(BD-RjUL)4775 | ||
| 040 |
_aDLC _cDLC _beng _dBD-RjUL |
||
| 041 | _aeng | ||
| 082 | 0 | 0 |
_a345.540253 _a345.405253 _220 _bSAC |
| 100 | 1 |
_aSaxena, Shobha. _914948 |
|
| 245 | 1 | 0 |
_aCrimes against women and protective laws / _cShobha Saxena. |
| 260 |
_aNew Delhi : _bDeep & Deep Publications, _cc1999. |
||
| 300 |
_axxvi, 448 p. : _bill. ; _c22 cm. |
||
| 504 | _aIncludes bibliographical references (p. [436]-442) and index. | ||
| 650 | 0 |
_aSex crimes _zIndia. _914949 |
|
| 650 | 0 |
_aWomen _xCrimes against _zIndia. _914950 |
|
| 650 | 0 |
_aRape _zIndia. _914951 |
|
| 650 | 0 |
_aWife abuse _zIndia. _95563 |
|
| 650 | 0 |
_aSexual harassment of women _xLaw and legislation _zIndia. _914952 |
|
| 942 |
_2ddc _cBK |
||
| 999 |
_c4740 _d4740 |
||